[Event "Guernsey Holiday op 43rd"]
[Site "Guernsey"]
[Date "2017.10.21"]
[Round "7"]
[White "Kirk, Matthew"]
[Black "Hoogakker, Peter"]
[Result "1/2-1/2"]
[WhiteElo "1721"]
[BlackElo "1769"]
[PlyCount "103"]
[EventDate "2017.10.15"]
[EventType "swiss"]
[EventRounds "7"]
[EventCountry "GCI"]
[SourceTitle "EXT 2020"]
[Source "ChessBase"]
[SourceDate "2019.10.17"]
[SourceVersion "1"]
[SourceVersionDate "2019.10.17"]
[SourceQuality "1"]

1. d4 d6 2. Nf3 Nf6 3. c4 Nbd7 4. Bf4 Nh5 5. Bg3 Nxg3 6. hxg3 e5 7. Nc3 exd4 8. Nxd4 Nf6 9. e4 c6 10. Be2 Qa5 11. Qc2 Ng4 12. Nf5 Nf6 13. 0-0-0 Qc5 14. Qd2 Bxf5 15. exf5 0-0-0 16. g4 Qxf2 17. g5 Nd7 18. g4 Re8 19. f6 gxf6 20. gxf6 Qxf6 21. Rdf1 Qe6 22. Bd3 Qe3 23. Rxf7 Qxd2+ 24. Kxd2 Ne5 25. Rfxh7 Rxh7 26. Rxh7 Nxd3 27. Kxd3 Re7 28. Rxe7 Bxe7 29. Ke4 Bf6 30. Kf5 Be5 31. g5 Kd7 32. g6 Ke7 33. Kg5 Bg7 34. Nd1 d5 35. cxd5 cxd5 36. Ne3 Ke6 37. b3 Ke5 38. Kg4 Ke4 39. Nf5 Be5 40. Ng3+ Ke3 41. Nf5+ Kd2 42. Kf3 Kc3 43. Nd6 d4 44. Ke4 Bg7 45. Nb5+ Kb2 46. Nxd4 Kxa2 47. Kd5 Kb2 48. b4 Kc3 49. Nb5+ Kxb4 50. Nxa7 Ka4 51. Kc5 Ka5 52. Nb5 1/2-1/2

[Event "Guernsey Holiday op 43rd"]
[Site "Guernsey"]
[Date "2017.10.19"]
[Round "5"]
[White "Kershaw, Graham J"]
[Black "Hoogakker, Peter"]
[Result "1/2-1/2"]
[WhiteElo "1712"]
[BlackElo "1769"]
[PlyCount "76"]
[EventDate "2017.10.15"]
[EventType "swiss"]
[EventRounds "7"]
[EventCountry "GCI"]
[SourceTitle "EXT 2020"]
[Source "ChessBase"]
[SourceDate "2019.10.17"]
[SourceVersion "1"]
[SourceVersionDate "2019.10.17"]
[SourceQuality "1"]

1. e4 d6 2. d4 Nf6 3. Nd2 e5 4. d5 c6 5. c4 Nbd7 6. h3 Qa5 7. Ngf3 Nxe4 8. a3 cxd5 9. b4 Qb6 10. c5 dxc5 11. Nxe4 dxe4 12. Ng5 Be7 13. Nxe4 cxb4 14. Be3 Qg6 15. Qd5 0-0 16. Bd3 Qc6 17. Qa2 Nf6 18. Rc1 Qa4 19. Rc7 b3 20. Qb1 Nxe4 21. Rxe7 Qa5+ 22. Kf1 Qxa3 23. Rxe5 Nf6 24. Bc5 Qa2 25. Bxf8 Qxb1+ 26. Bxb1 Kxf8 27. Rg5 Be6 28. Bd3 Nd5 29. Ke1 b6 30. Rg3 Nb4 31. Be4 Bd5 32. Bxd5 Nxd5 33. Rxb3 a5 34. Kd2 Rd8 35. Kc2 Nb4+ 36. Kc3 b5 37. Rf1 Rd3+ 38. Kb2 Rd2+ 1/2-1/2

[Event "Guernsey Holiday op 43rd"]
[Site "Guernsey"]
[Date "2017.10.18"]
[Round "4"]
[White "Hoogakker, Peter"]
[Black "Finch, Russell"]
[Result "1/2-1/2"]
[WhiteElo "1769"]
[BlackElo "1689"]
[PlyCount "49"]
[EventDate "2017.10.15"]
[EventType "swiss"]
[EventRounds "7"]
[EventCountry "GCI"]
[SourceTitle "EXT 2020"]
[Source "ChessBase"]
[SourceDate "2019.10.17"]
[SourceVersion "1"]
[SourceVersionDate "2019.10.17"]
[SourceQuality "1"]

1. e4 c5 2. Nf3 d6 3. c3 Nf6 4. Be2 Nc6 5. d4 g6 6. Nbd2 Bg7 7. 0-0 0-0 8. Re1 Qc7 9. a3 b6 10. Bc4 Bb7 11. d5 Nb8 12. Nf1 Nbd7 13. Ng3 Ne5 14. Nxe5 dxe5 15. Be3 Rfd8 16. Qc1 Ne8 17. f4 exf4 18. Bxf4 Be5 19. Bxe5 Qxe5 20. Bd3 Nf6 21. c4 Ng4 22. Qc3 Qxc3 23. bxc3 Ne5 24. Rad1 Ba6 25. Nf1 1/2-1/2

[Event "Guernsey Holiday op 39th"]
[Site "Guernsey"]
[Date "2013.10.21"]
[Round "2"]
[White "Hoogakker, Peter"]
[Black "Beadle, John R"]
[Result "1/2-1/2"]
[WhiteElo "1763"]
[BlackElo "1624"]
[PlyCount "63"]
[EventDate "2013.10.20"]
[EventType "swiss"]
[EventRounds "7"]
[EventCountry "GCI"]
[SourceTitle "EXT 2022"]
[Source "ChessBase"]
[SourceDate "2021.10.06"]
[SourceVersion "1"]
[SourceVersionDate "2021.10.06"]
[SourceQuality "1"]

1. e4 c6 2. d4 d5 3. Nc3 dxe4 4. Nxe4 Bf5 5. Ng3 Bg6 6. Nf3 Nf6 7. Bc4 e6 8. 0-0 Be7 9. Re1 h6 10. Qe2 Nbd7 11. c3 0-0 12. Nh4 Bh7 13. Nhf5 Bxf5 14. Nxf5 exf5 15. Qxe7 Qxe7 16. Rxe7 Rae8 17. Rxe8 Rxe8 18. f3 Nd5 19. Bxd5 cxd5 20. Kf2 Nf6 21. h4 Kh7 22. Bd2 a6 23. Re1 Rxe1 24. Kxe1 Kg8 25. Ke2 Kf8 26. Ke3 Ke7 27. Kd3 Kd7 28. b3 b5 29. c4 bxc4+ 30. bxc4 dxc4+ 31. Kxc4 Kc6 32. a3 1/2-1/2

[Event "Guernsey Holiday op"]
[Site "Guernsey"]
[Date "2012.10.25"]
[Round "5"]
[White "Harnden, Terry"]
[Black "Hoogakker, Peter"]
[Result "0-1"]
[WhiteElo "1535"]
[BlackElo "1730"]
[PlyCount "78"]
[EventDate "2012.10.21"]
[EventType "swiss"]
[EventRounds "7"]
[EventCountry "GCI"]
[SourceTitle "EXT 2015"]
[Source "ChessBase"]
[SourceDate "2014.11.20"]
[SourceVersion "1"]
[SourceVersionDate "2014.11.20"]
[SourceQuality "1"]

1. e4 d6 2. d4 Nf6 3. Nc3 Nbd7 4. Nf3 e5 5. Bc4 Be7 6. 0-0 h6 7. a3 c6 8. Ba2 Qc7 9. d5 g5 10. g3 Nf8 11. Kh1 Ng6 12. Ng1 g4 13. Bc4 h5 14. Bg5 Nh7 15. Be3 Bg5 16. Qd2 Bxe3 17. Qxe3 c5 18. b3 a6 19. Bd3 h4 20. Nce2 f6 21. c4 Ng5 22. f4 gxf3 23. Nxf3 hxg3 24. Nxg3 Qh7 25. Ra2 Nxf3 26. Rxf3 Nf4 27. Bf1 Bg4 28. Rff2 0-0-0 29. Nf5 Bxf5 30. exf5 Qxf5 31. Rf3 Qb1 32. Rd2 Rh3 33. Rxh3 Qxf1+ 34. Qg1 Qxh3 35. Qg3 Qf1+ 36. Qg1 Qf3+ 37. Qg2 Qxg2+ 38. Rxg2 Nxg2 39. Kxg2 f5 0-1

[Event "Guernsey Holiday op"]
[Site "Guernsey"]
[Date "2012.10.24"]
[Round "4"]
[White "Hoogakker, Peter"]
[Black "Rowe, Oliver"]
[Result "0-1"]
[WhiteElo "1730"]
[BlackElo "1394"]
[PlyCount "56"]
[EventDate "2012.10.21"]
[EventType "swiss"]
[EventRounds "7"]
[EventCountry "GCI"]
[SourceTitle "EXT 2015"]
[Source "ChessBase"]
[SourceDate "2014.11.20"]
[SourceVersion "1"]
[SourceVersionDate "2014.11.20"]
[SourceQuality "1"]

1. e4 d5 2. exd5 Qxd5 3. Nc3 Qd6 4. d4 Nf6 5. Nf3 a6 6. h3 e6 7. Bd3 Be7 8. Ne4 Qc6 9. Nxf6+ Bxf6 10. c3 b5 11. Qc2 Bb7 12. 0-0 Nd7 13. Re1 Qd6 14. Be4 Bxe4 15. Qxe4 0-0 16. Bf4 Qb6 17. Rad1 Rad8 18. Be3 Rfe8 19. d5 Qb7 20. Bg5 Bxg5 21. Nxg5 Nf6 22. dxe6 Nxe4 23. exf7+ Kf8 24. Rxd8 Rxd8 25. Ne6+ Ke7 26. Nxd8 Qd5 27. f3 Qxd8 28. Rxe4+ Kxf7 0-1

[Event "Guernsey Holiday op"]
[Site "Guernsey"]
[Date "2010.10.17"]
[Round "1"]
[White "Nalichowski, Bogdan"]
[Black "Hoogakker, Peter"]
[Result "0-1"]
[WhiteElo "1602"]
[BlackElo "1800"]
[PlyCount "37"]
[EventDate "2010.10.17"]
[EventType "swiss"]
[EventRounds "7"]
[EventCountry "GCI"]
[SourceTitle "EXT 2013"]
[Source "ChessBase"]
[SourceDate "2012.11.22"]
[SourceVersion "1"]
[SourceVersionDate "2012.11.22"]
[SourceQuality "1"]

1. e4 e5 2. f4 Bc5 3. Bc4 d6 4. Nf3 Nf6 5. fxe5 dxe5 6. Nxe5 Qd4 7. Bxf7+ Ke7 8. Qe2 Qxe5 9. c3 Kxf7 10. d4 Bxd4 11. Qc4+ Be6 12. Qxd4 Qxd4 13. cxd4 Bc4 14. b3 Ba6 15. Nd2 Nxe4 16. Nc4 Re8 17. 0-0+ Kg8 18. Rf4 Nc3 19. Kh1 0-1

[Event "Guernsey Holiday op"]
[Site "Guernsey"]
[Date "2009.10.22"]
[Round "5"]
[White "Hoogakker, Peter"]
[Black "Gibson, John"]
[Result "1/2-1/2"]
[WhiteElo "1773"]
[BlackElo "1750"]
[PlyCount "59"]
[EventDate "2009.10.18"]
[EventType "swiss"]
[EventRounds "7"]
[EventCountry "GCI"]
[SourceTitle "EXT 2015"]
[Source "ChessBase"]
[SourceDate "2014.11.20"]
[SourceVersion "1"]
[SourceVersionDate "2014.11.20"]
[SourceQuality "1"]

1. e4 d6 2. d4 Nf6 3. Nc3 g6 4. Be2 Bg7 5. h4 h5 6. Nh3 c6 7. Ng5 b5 8. Bf3 Nh7 9. Nxh7 Rxh7 10. Bf4 Qb6 11. Ne2 Nd7 12. c3 Nf6 13. e5 dxe5 14. Bxe5 Ng4 15. Bxg7 Rxg7 16. Nf4 Bf5 17. Qe2 Qc7 18. g3 Rd8 19. 0-0 Kf8 20. Rfe1 e6 21. Bxg4 Bxg4 22. Qe5 Qxe5 23. Rxe5 Bf3 24. Rae1 Kg8 25. Nd3 Bd5 26. Nc5 Kh7 27. Ne4 Bxe4 28. R1xe4 Rd5 29. Re1 Rg8 30. R1e4 1/2-1/2

[Event "Guernsey Holiday op"]
[Site "Guernsey"]
[Date "2009.10.19"]
[Round "2"]
[White "Haisma, Henk"]
[Black "Hoogakker, Peter"]
[Result "1/2-1/2"]
[WhiteElo "1639"]
[BlackElo "1773"]
[PlyCount "53"]
[EventDate "2009.10.18"]
[EventType "swiss"]
[EventRounds "7"]
[EventCountry "GCI"]
[SourceTitle "EXT 2015"]
[Source "ChessBase"]
[SourceDate "2014.11.20"]
[SourceVersion "1"]
[SourceVersionDate "2014.11.20"]
[SourceQuality "1"]

1. d4 d5 2. c4 e6 3. Nc3 Nf6 4. Bg5 Nbd7 5. cxd5 exd5 6. e3 c6 7. Bd3 Be7 8. Nge2 h6 9. Bh4 0-0 10. 0-0 Re8 11. Qc2 Nf8 12. f3 Ne6 13. Rad1 Qc7 14. e4 dxe4 15. fxe4 Ng4 16. Bg3 Qb6 17. Na4 Qd8 18. Bf2 Bg5 19. Kh1 Nxf2+ 20. Rxf2 Be3 21. Rf3 Bxd4 22. Bc4 b5 23. Bxe6 Bxe6 24. Rxd4 Qe7 25. Nc5 Bc4 26. Nd3 c5 27. Rxc4 1/2-1/2

[Event "Guernsey Holiday op"]
[Site "Guernsey"]
[Date "2009.10.18"]
[Round "1"]
[White "Hoogakker, Peter"]
[Black "Herschmann, Heinz"]
[Result "1-0"]
[WhiteElo "1773"]
[BlackElo "1562"]
[PlyCount "79"]
[EventDate "2009.10.18"]
[EventType "swiss"]
[EventRounds "7"]
[EventCountry "GCI"]
[SourceTitle "EXT 2015"]
[Source "ChessBase"]
[SourceDate "2014.11.20"]
[SourceVersion "1"]
[SourceVersionDate "2014.11.20"]
[SourceQuality "1"]

1. e4 e5 2. Nf3 d6 3. Bc4 Be7 4. c3 Nf6 5. d3 h6 6. 0-0 0-0 7. Nbd2 c6 8. Bb3 Nbd7 9. Re1 Nc5 10. Bc2 a6 11. d4 exd4 12. cxd4 Ne6 13. Nf1 Ne8 14. Qd3 Ng5 15. Ng3 Nxf3+ 16. Qxf3 Bg5 17. Qd3 Bxc1 18. Raxc1 g6 19. e5 d5 20. e6 Qe7 21. exf7+ Qxf7 22. Qxg6+ Qxg6 23. Bxg6 Nf6 24. Re7 Bd7 25. Rce1 Rad8 26. f3 Be8 27. Nf5 h5 28. Rxb7 Bxg6 29. Rg7+ Kh8 30. Rxg6 Nh7 31. Nh6 Rd7 32. Ree6 Rc7 33. f4 Rg7 34. f5 Ng5 35. Rxc6 Nf7 36. Rxg7 Kxg7 37. Nxf7 Rxf7 38. f6+ Rxf6 39. Rxf6 Kxf6 40. Kf2 1-0

[Event "Guernsey Holiday op"]
[Site "Guernsey"]
[Date "2008.10.25"]
[Round "7"]
[White "Haisma, Henk"]
[Black "Hoogakker, Peter"]
[Result "1/2-1/2"]
[WhiteElo "1732"]
[BlackElo "1736"]
[PlyCount "48"]
[EventDate "2008.10.19"]
[EventType "swiss"]
[EventRounds "7"]
[EventCountry "GCI"]
[SourceTitle "EXT 2011"]
[Source "ChessBase"]
[SourceDate "2010.11.26"]
[SourceVersion "1"]
[SourceVersionDate "2010.11.26"]
[SourceQuality "1"]

1. b4 c6 2. Bb2 Qb6 3. a3 a5 4. c4 axb4 5. c5 Qc7 6. axb4 Rxa1 7. Bxa1 Nf6 8. Nc3 d6 9. d4 d5 10. Nf3 Bf5 11. e3 e6 12. b5 Qa5 13. Qa4 Qxa4 14. Nxa4 Be7 15. Be2 0-0 16. 0-0 Nbd7 17. Nc3 Ra8 18. Bb2 Ne4 19. Ra1 Rxa1+ 20. Bxa1 Nxc3 21. Bxc3 Bd8 22. bxc6 bxc6 23. Ba6 Nb8 24. Be2 f6 1/2-1/2

[Event "Guernsey Holiday op"]
[Site "Guernsey"]
[Date "2008.10.24"]
[Round "6"]
[White "Kershaw, Graham J"]
[Black "Hoogakker, Peter"]
[Result "0-1"]
[WhiteElo "1648"]
[BlackElo "1736"]
[PlyCount "70"]
[EventDate "2008.10.19"]
[EventType "swiss"]
[EventRounds "7"]
[EventCountry "GCI"]
[SourceTitle "EXT 2011"]
[Source "ChessBase"]
[SourceDate "2010.11.26"]
[SourceVersion "1"]
[SourceVersionDate "2010.11.26"]
[SourceQuality "1"]

1. e4 e5 2. Nf3 d6 3. Bc4 Nc6 4. 0-0 Bg4 5. c3 Nf6 6. d3 Be7 7. h3 Bh5 8. Nbd2 0-0 9. Re1 Nd7 10. Nf1 Na5 11. Bb5 f5 12. Ng3 fxe4 13. dxe4 Bxf3 14. gxf3 a6 15. Ba4 b5 16. Bc2 Bg5 17. Kg2 Nc4 18. b3 Ncb6 19. Be3 Qf6 20. Rh1 Rf7 21. Bd3 Qh6 22. Qd2 Bxe3 23. fxe3 Raf8 24. Be2 Kh8 25. Rh2 Qg6 26. Kf2 Nb8 27. Nf5 Qh5 28. Rg1 g6 29. Ng3 Qh4 30. Kg2 N8d7 31. Qe1 Nc5 32. Nh1 Qg5+ 33. Kf1 Qxe3 34. Rf2 Nxe4 35. fxe4 Qxh3+ 0-1